عرض عادي عرض مارك
  • بدري، أميرة يوسف بابكر

مدخل إسم شخص

عدد التسجيلات المستخدمة في: 2

001 - رقم الضبط

  • حقل الضبط: 65096

003 - معرف رقم الضبط

  • حقل الضبط: OSt

005 - تاريخ ووقت أخر عملية

  • حقل الضبط: 20181218115123.0

008 - عناصر بيانات ثابتة الطول

  • حقل تحكم ثابت الطول: 181218|| aca||aabn | a|a d

040 ## - مصدر الفهرسة

  • هيئة الفهرسة الأصلية: OSt
  • وكالة الكتابة: OSt

100 ## - مدخل -- أسم شخص

  • إسم شخص: بدري، أميرة يوسف بابكر

670 ## - بيانات المصدر موجوده

  • الاستشهاد بالمصدر: Work cat.: (OSt): بدري، أميرة يوسف بابكر, أسس التنمية والتخطيط الإجتماعي =, 2018